| 000 | 01983nam0a22003731 4500 | ||
|---|---|---|---|
| 001 | v19\rc\1846741 | ||
| 005 | 20251118180059.9 | ||
| 035 | _a(NLR Aleph) 004943044 | ||
| 090 |
_a5801710 _c5801710 |
||
| 100 | _a20080221e19091909|||y0rusy50 ca | ||
| 101 | 0 | _arus | |
| 102 | _aRU | ||
| 105 | _ay z ||||| | ||
| 200 | 1 |
_aРазбор книги А. Ону: Выборы 1789 года во Франции и наказы третьего сословия с точки зрения их соответствия истинному настроению страны. (С.-Петербург, 1908) _fПроф. П.Н. Ардашев |
|
| 210 |
_aСанкт-Петербург _cСенат. тип. _d1909 |
||
| 215 |
_a38 с. _d24 |
||
| 311 | _aИзвлеч. из "Журн. М-ва нар. прос." за 1909 г. | ||
| 488 | 0 | _12001#$aЖурнал Министерства народного просвещения$v1909 | |
| 500 | 1 | 0 |
_6z01702 _aВыборы 1789 года во Франции и наказы третьего сословия с точки зрения их соответствия истинному настроению страны |
| 532 | 1 | 0 | _aРазбор книги Александра Ону: Выборы 1789 года во Франции и наказы третьего сословия с точки зрения их соответствия истинному настроению страны. (С.-Петербург, 1908) |
| 700 | 1 |
_aАрдашев _bП. Н. _f1865-1922 _gПавел Николаевич |
|
| 702 | 1 |
_6z01500 _aОну _bА. М. _f1865-1935 _gАлександр Михайлович _3RU\NLR\AUTH\770134903 _4570 |
|
| 801 | 0 |
_aRU _bNLR _gpsbo |
|
| 801 | 0 |
_aRU _bRuMoRGB _2psbo |
|
| 801 | 1 |
_aRU _bProSoft-M _2rusmarc |
|
| 852 |
_aNLR _j34.87.2.369 |
||
| 899 |
_aRuMoRGB _jU 119/198 |
||
| 899 | _aБАН | ||
| 899 | _aНБ СПбГУ | ||
| 899 | _aГПИБ | ||
| 899 | _aНБ МГУ | ||
| 942 | _cBOOK | ||
| 980 | _aNB | ||